00476 2200181 4500001002100000005001500021008004100036020002200077035001900099082000800118090001400126100002900140700002700169245002800196260002500224300002500249650002000274INLIS00000000000954120241224113836241224||||||||| | ||| |||| ||  a978-602-9212-64-8 0010-12240095410 a747 a747 SRI m0 aSri Fariyanti Pane,M.Sn.0 aSusi Harahap,S.Sn.M.T.00aMenjadi Desain Interior aSolobMetagrafc2012 aviii,104 hlm.; 23 cm 0adesain interior